000 00715nam a2200157Ia 4500
005 20250728154344.0
008 250728s9999 xx 000 0 und d
020 _a9781845112035
082 _a952.1864048
_bIYE
100 _aIyer, Pico
245 4 _aThe Lady and the Monk
260 _bTauris Parke Paperbacks
_c2006
500 _aAfter meeting the well-educated wife of a Japanese "salaryman", Iyer fashions "a beautifully written book about someone looking for ancient dreams in a strange modern place" (LA Times Book Review)--one that is both a portrait of cross cultural infatuation--and misunderstanding--and a fresh way of seeing the old and the new Japan.
650 _aKyoto (Japan)
942 _cENGLISH
999 _c577810
_d577810